000 01113cab a2200289 4500
001 ABS60089
008 090401t1999 xxu||||| |||| 00| 0 eng d
035 _a(Sirsi) u91363
041 _aeng
100 _aHuse, Joseph A.
245 _aFIDIC design-build, turnkey and EPC contracts
260 _c1999
350 _a0
490 _aInternational Construction Law Review
_v16(1) January 1999, 27-38(7)
520 _aOutlines the contracts published by FIDIC in September 1998. These include new editions of existing contracts (the Red Book and the Yellow Book) and entirely new forms of contract (the Silver Book and the Green Book).
650 _aDESIGN AND BUILD
650 _aEPC CONTRACTS
650 _aBUILT ENVIRONMENT-BUILDING CONTRACT FORMS-STANDARD FORMS OF BUILDING CONTRACT-INTERNATIONAL FEDERATION OF CONSULTING ENGINEERS CONTRACTS
650 _aGREEN BOOK
650 _aRICS APPRAISAL AND VALUATION MANUAL
650 _aSILVER BOOK
650 _aYELLOW BOOK
690 _aBUILT ENVIRONMENT-BUILDING CONTRACT FORMS
700 _aHoyle, J.K.
942 _n0
948 _c17/02/1999
999 _c57987
_d57987